000 00597nam a2200217 a 4500
005 20151123020622.0
008 140220b1994 ck ||||| |||| 00| 0 spa d
040 _aCO-BoIAVH
_cCO-BoIAVH
041 _aspa
044 _ack
090 _aLB
_b00242
110 _bUniversidad Nacional de Colombia. Facultad de Ciencias
_97115
245 _aListas de familias de plantas de Colombia
260 _aBogotá
_bICN
_c1994?
300 _a156 p.
650 _aPlantas
_942494
650 _aInventarios floristicos
_97117
650 _aGéneros
_942492
650 _aEspecies
_942495
942 _cINFORME
_2z
999 _c262
_d262